|
|
|
|
| LEADER |
01117nam a2200289 i 4500 |
| 001 |
36262 |
| 003 |
BD-DhAAL |
| 005 |
20211130144945.0 |
| 008 |
191103t1975 nyu b 001 0 eng d |
| 999 |
|
|
|c 41708
|d 41708
|
| 010 |
|
|
|a 75002041
|
| 020 |
|
|
|a 0030110114
|
| 040 |
|
|
|a DLC
|c DLC
|d DLC
|d BD-DhAAL
|
| 050 |
0 |
0 |
|a LB1051
|b .S6218
|
| 082 |
0 |
0 |
|a 370.152
|2 20
|
| 100 |
1 |
|
|a Smith, Frank,
|d 1928-
|9 36644
|
| 245 |
1 |
0 |
|a Comprehension and learning :
|b a conceptual framework for teachers /
|c Frank Smith.
|
| 260 |
|
|
|a New York :
|b Holt, Rinehart and Winston,
|c c1975
|
| 300 |
|
|
|a 277 pages :
|b illustrations ;
|c 23 cm.
|
| 504 |
|
|
|a Includes bibliographical references and indexes.
|
| 526 |
|
|
|a BIED
|
| 541 |
|
|
|a Complimentary copy from BIED
|e 36262
|
| 650 |
|
0 |
|a Learning, Psychology of.
|9 36645
|
| 650 |
|
0 |
|a Comprehension.
|9 36646
|
| 852 |
|
|
|a Ayesha Abed Library
|c BIED Collection
|
| 942 |
|
|
|2 ddc
|c BK
|
| 952 |
|
|
|0 0
|1 0
|2 ddc
|4 0
|6 370_152000000000000_SMI
|7 0
|9 66972
|a BRACUL
|b BRACUL
|c GEN
|d 2019-11-03
|e Complimentary copy from BIED
|l 0
|o 370.152 SMI
|p 3010036262
|r 2019-11-03
|t 1
|w 2019-11-03
|y BK
|x Transferred from BIED to General Stacks
|